000 00462nam a22001697a 4500
003 macl
005 20160131114714.0
008 160131b xxu||||| |||| 00| 0 eng d
040 _cmacl
041 _aEnglish
082 _a934/MUK
100 _aMukherjee Aditya
_936259
245 _aA Gentenary History Of The Indian National Gongress Vol 5: 1964-1984
260 _aNew Delhi
_bAcadmic Foundation
_c2011
650 _aIndian History
_9227
942 _2ddc
_cBK
999 _c52974
_d52974